000 01783nam a2200337 c 4500
003 BLK
005 20180422113500.0
008 180410b bul|||||r ||||||| ||bul||
010 _aKNG00163744000
040 _aBLK
041 _aBUL
_cBUL
080 _aКомунистически партии. Вж и 327.323
_b329.15
_x(497.2)БКП
_z329.15(497.2)БКП
700 1 _aВеков, Ангел
_eсъавт.
_9376466
700 1 _aБоев, Борис
_eпод ред. на
_9376837
139 _aКратка история на Българската комунистическа партия
_bК 89
245 1 0 _aКратка история на Българската комунистическа партия
_bЗа системта на парт. просв.
_cсъавт. Ангел Веков; под ред. на Борис Боев.
250 _a3. доп. изд.
257 _aBGR
260 София
_bПартиздат
_c1986
300 _a528 с.
_c21 см
380 _a3
500 _aДруги авт. : Б. Боев, Б. Григоров, Д. Сирков, Ст. Радулов, Т. Радков, отбелязани на гърба на загл. с. ; Други ред. : Б. Григоров, Ст. Радулов. -1. изд. 1977 със загл. История на Българската комунистическа партия от същите авт. - 28 110 тир. -Библиогр. под линия.
650 4 _aБКП - история
_9251670
653 _aБКП
653 _aистория
852 _aЦб 144300
856 4 _qpdf
_u
856 4 _qpdf
_u
942 _cKNG
_n0
944 _aCR
_c25.07.2014
_l25.07.2014 - от С1,Р / 25.07.2014
_kРадостина_Карадакова
944 _aED
_c25.07.2014
_l25.07.2014 - от С1,Р / 25.07.2014
_k
999 _c156897
_d156897